000 00616nam a2200205 a 4500
005 20140310183154.0
008 021015s19uu xx 00 eng d
020 _a1853464872
050 _aLC 4015
_b.K37 1997
100 _aKenward, Helen
245 _aIntegrating pupils with disabilities in mainstream school :
_bmaking it happen /
_cHelen kenward.
260 _aLondon :
_bDavid Fulton Pub,
_c1997.
300 _a99 p. :
_bill. ;
_c31 cm.
521 _aEDU
650 _aLearning disabilities
650 _aPhysical disabilities
650 _aMental disabilities
942 _cBK
_2lcc
_kFOR
999 _c19716
_d19716